Statistics for Boston Celtics 2017-18 Most Games Leading Team in Scoring

Click here to take the quiz!

General Stats

  • This quiz has been taken 57 times
  • The average score is 9 of 11

Answer Stats

Player Games % Correct
Kyrie Irving42
100%
Al Horford6
100%
Jaylen Brown12
98%
Jayson Tatum6
93%
Terry Rozier6
87%
Marcus Smart3
87%
Marcus Morris7
85%
Aron Baynes2
76%
Daniel Theis1
54%
Shane Larkin1
50%
Greg Monroe1
28%

Score Distribution

Percentile by Number Answered

Percent of People with Each Score

Your Score History

You have not taken this quiz